000 00281nam a22001337a 4500
008 170802b xxu||||| |||| 00| 0 eng d
020 _a9780735615236
041 _aeng
080 _a004
100 _a32
101 _aSHK
245 _aSTEP BY STEP
_cBLANTON,A
942 _2udc
_cBK
999 _c22499
_d22499